000 02136cam a2200169 4500500
005 20260208003046.0
041 _afre
042 _adc
100 1 0 _aAtten, Michel
_eauthor
245 0 0 _aPaul N. EDWARDS, A Vast Machine. Computer Models, Climate Data, and the Politics of Global Warming. Cambridge: MA, The MIT Press, 2010, 528 p.
260 _c2011.
500 _a51
520 _aRésuméDans le cadre de la formation des représentants et en regard de la réforme de la représentativité, la communication se présente comme un enjeu stratégique et une sorte de boîte noire pour les organisations syndicales. Analysant les rôles respectifs des instituts du travail, des unions interprofessionnelles, des fédérations et des confédérations (CGT, CGT-FO, CFDT), l’article révèle une situation pour le moins contrastée dans l’offre de formation, celle-ci variant selon les confédérations et, en leur sein, en fonction de facteurs très divers et quelque peu aléatoires. Le double prisme de la communication et de la formation permet ainsi de progresser dans la compréhension de ce qui est confusément rangé sous la rubrique « crise du syndicalisme ».
520 _aTraining trade union representatives in communication skillsIn the framework of training representatives and with regard to the reform of representativeness, communication is presented as a strategic issue and a sort of black box for trade union organizations. Analyzing the respective roles of labour institutes, inter-professional unions, federations and confederations (CGT, CGT-FO, CFDT), this article reveals a highly contrasting situation in the training offered, which varies according to the confederations and, within them, according to widely diverse, essentially random factors. Examining them through the lenses of communication and training enables us to further our understanding of what is bundled under the heading “crisis of trade unionism”.
786 0 _nRéseaux | 170 | 6 | 2011-12-08 | p. 191e-207e | 0751-7971
856 4 1 _uhttps://shs.cairn.info/revue-reseaux-2011-6-page-191e?lang=fr&redirect-ssocas=7080
999 _c1646918
_d1646918